Normal view
MARC view
Entry Topical Term
001 - CONTROL NUMBER
- control field: 15012
003 - CONTROL NUMBER IDENTIFIER
- control field: BD-RjUL
005 - DATE AND TIME OF LATEST TRANSACTION
- control field: 20250216152238.0
008 - FIXED-LENGTH DATA ELEMENTS
- fixed length control field: 250216|| aca||aabn | a|a d
040 ## - CATALOGING SOURCE
- Original cataloging agency: BD-RjUL
- Transcribing agency: BD-RjUL
150 ## - HEADING--TOPICAL TERM
- Topical term or geographic name entry element: Sanskrit poetry -- History and criticism
670 ## - SOURCE DATA FOUND
- Source citation: Work cat.: (BD-RjUL)84693: জয়দেব 15010, গীতগোবিন্দ / , ২০২৪